LIBRARY & INFORMATION CENTRE, KCAET, TAVANUR

ONLINE PUBLIC ACCESS CATALOGUE (OPAC)

Fourier transform and its applications / (Record no. 9111)

MARC details
000 -LEADER
fixed length control field 00453cam a2200169ua 4500
020 ## - INTERNATIONAL STANDARD BOOK NUMBER
ISBN 0 07 007015 6
041 ## - LANGUAGE CODE
Language code of text/sound track or separate title eng
082 ## - DEWEY DECIMAL CLASSIFICATION NUMBER
Classification number 515.723
Item number BRA/FO
100 ## - MAIN ENTRY--AUTHOR NAME
Personal name Bracewell, Ronald N .
245 ## - TITLE STATEMENT
Title Fourier transform and its applications /
250 ## - EDITION STATEMENT
Edition statement 2 /
260 ## - PUBLICATION, DISTRIBUTION, ETC. (IMPRINT)
Place of publication Newdelhi :
Name of publisher McGraw Hill Book Company ,
Year of publication 1986.
300 ## - PHYSICAL DESCRIPTION
Number of Pages 474 ; .
942 ## - ADDED ENTRY ELEMENTS (KOHA)
Koha item type Books
Holdings
Withdrawn status Lost status Damaged status Home library Current library Date acquired Full call number Accession Number Koha item type
      KAUAET KAUAET 07/04/2012 515.723 18003 Books
free website counter